000 01386nam a2200313 i 4500
003 EG-GICUC
005 20260121101531.0
008 251222s1978 ua ||||fr|||| 000 0 ara d
040 _a EG-GICUC
_bara
_c EG-GICUC
_d EG-GICUC
_erda
041 _aara
082 0 4 _221
_a343.6
_bر م . م
092 0 4 _221
099 _aLaw1 10 343.6 ر م . م 1978
100 0 _aرمسيس بهنام
_eمؤلف.
245 1 2 _aالمجرم تكوينا و تقويما :
_bالأساليب العلمية العصرية في الكشف عن مصدر الإجرام لدى المجرم أنماط المجرمين - علاج المجرم - التوقي من الجريمة /
_cالدكتورة رمسيس بهنام.
264 1 _aالإسكندرية :
_bمنشأة المعارف,
_c1978.
300 _a399 صفحة ؛
_c24 سم
336 _2rda content
_atext
337 _2rda media
_aComputer
338 _2rda carrier
_aOnline Resource
546 _aالنص باللغة العربية
650 1 4 _aعلم الإجرام
_2qrmak
650 1 4 _aالنظريات المفسرة للسلوك الإجرامي = العوامل الإجرامية بصفة عامة
650 1 4 _aالعوامل الإجرامية المتعلقة بالمجرم
651 1 _2qrmak
856 4 0 _uhttps://fll.law.cu.edu.eg/fulltext/bks/B10-07162.pdf
905 _a79
_eHassnaa
942 _2ddc
_cBK
_e21
_n0
999 _c52135
_d52135